Mecatrónica (Registro nro. 7469)
[ vista simple ]
| 000 -Cabecera | |
|---|---|
| Campo de control de longitud fija | 00996nam a22003617a 4500 |
| 005 - Fecha y hora de la última transacción | |
| Campo de control | 20231115122930.0 |
| 008 - Elementos de longitud fija--Información general | |
| Campo de control de longitud fija | 160122b2007 xxu||||| |||| 00| 0 spa d |
| 020 ## - International Standard Book Number | |
| Número Internacional Estándar del Libro (ISBN) | 9789708170765 |
| 041 ## - Idioma | |
| Código de idioma | Español |
| 082 ## - Clasificación Decimal Dewey | |
| Número de clasificación | 629.89 C423m |
| 100 ## - Entrada principal--Autor personal | |
| Nombre personal | Cetinkunt, Sabri |
| 9 (RLIN) | 9548 |
| 245 ## - Título propiamente dicho | |
| Título | Mecatrónica |
| 260 ## - Pie de imprenta | |
| Lugar de publicación, distribución, etc. | México |
| 260 ## - Pie de imprenta | |
| Nombre del editor, distribuidor, etc. | Grupo Editorial Patria |
| 264 ## - Producción, publicación, distribución, fabricación y derechos de autor | |
| Fecha de producción, publicación, distribución, fabricación o copyright | 2007 |
| 300 ## - Descripción física | |
| Extensión | 616 páginas |
| 650 ## - Materia general | |
| Temática (materia general) | MECATRÓNICA |
| 650 ## - Materia general | |
| Temática (materia general) | MOTOR DIESEL |
| 650 ## - Materia general | |
| Temática (materia general) | SISTEMAS DIGITALES |
| 650 ## - Materia general | |
| Temática (materia general) | CONTROL DE LAZO |
| 650 ## - Materia general | |
| Temática (materia general) | CONTROL DE REALIMENTACIÓN |
| 650 ## - Materia general | |
| Temática (materia general) | TRANSMISIÓN |
| 650 ## - Materia general | |
| Temática (materia general) | CONTROLADORES LÓGICOS |
| 650 ## - Materia general | |
| Temática (materia general) | SISTEMAS ARTICULADOS |
| 650 ## - Materia general | |
| Temática (materia general) | MICROCONTROLADORES |
| 650 ## - Materia general | |
| Temática (materia general) | CIRCUITOS LINEALES |
| 650 ## - Materia general | |
| Temática (materia general) | AMPLIFICADORES OPERACIONALES |
| 650 ## - Materia general | |
| Temática (materia general) | SENSORES |
| 650 ## - Materia general | |
| Temática (materia general) | SISTEMAS ELECTROHIDRÁULICOS |
| 650 ## - Materia general | |
| Temática (materia general) | CONTROL DE MOVIMIENTO |
| 942 ## - Punto de acceso adicional KOHA | |
| Tipo de ítem KOHA | Libro |
| Fuente del sistema de clasificación o colocación | Dewey Decimal Classification |
| Signatura completa | Código de barras | Programa Académico | Tipo de ítem |
|---|---|---|---|
| 629.89 C423m | 19875 | Electrónica | Libro |